| 000 | 00947cam a2200289 a 4500 | ||
|---|---|---|---|
| 001 | 200429249 | ||
| 999 |
_c200429249 _d47173 |
||
| 003 | TR-AnTOB | ||
| 005 | 20250712073806.0 | ||
| 008 | 000501s1999 tu b 00110 tur | ||
| 020 | _a9754373086 | ||
| 040 |
_aTR-AnTOB _beng _cTR-AnTOB _erda |
||
| 041 | 0 | _atur | |
| 050 |
_aDS26 _b.G57 1999 |
||
| 090 |
_aDS26 _b.G57 1999 |
||
| 100 | 1 |
_aGiraud, Rene _4author _9119424 |
|
| 245 | 1 |
_aGöktürk İmparatorluğu : _bİlteriş, Kapgan ve Bilge (680-734) / _cRene Giraud ; çev. E.Büyükelçi,Metin Sirman. |
|
| 264 | 1 |
_aİstanbul : _bÖtüken, _c1999. |
|
| 300 |
_a308 pages : _bmaps. _c13 cm |
||
| 336 |
_2rdacontent _atext _btxt |
||
| 337 |
_2rdamedia _aunmediated _bn |
||
| 338 |
_2rdacarrier _avolume _bnc |
||
| 490 | 0 |
_aÖtüken yayınları ; _v442 _aKültür serisi ; _v168 |
|
| 504 | _aIncludes bibliographical references and index. | ||
| 651 | 0 |
_aAsya, Orta _xTarih _985739 |
|
| 942 |
_2lcc _cBK |
||